| 000 | 00596cab a2200217 4500 | ||
|---|---|---|---|
| 001 | WB3206-55 | ||
| 008 | 090401t1996 xxu||||| |||| 00| 0 eng d | ||
| 035 | _a(Sirsi) u21417 | ||
| 041 | _aeng | ||
| 245 | _aConrad Ritblat profits | ||
| 260 | _c1996 | ||
| 350 | _a0 | ||
| 490 |
_aFinancial Times _v8 February 1996, 20(1) |
||
| 520 | _aConrad Ritblat has recorded a rise in pre-tax profits of 13.5%. | ||
| 650 | _aCONRAD RITBLAT | ||
| 650 | _aRESULTS | ||
| 650 | _aSURVEYING FIRMS | ||
| 690 | _aMANAGEMENT-BUSINESS MANAGEMENT-PROFESSIONAL PRACTICE | ||
| 942 | _n0 | ||
| 948 | _c04/03/1997 | ||
| 999 |
_c14377 _d14377 |
||